000
00206 a2200097 4500
001
3204
100
_a
Kotelawala, J
245
_a
Asian prime menisters story
260
_a
_b
Harrap
_c
090
_c
2484
_d
2484
942
_a
NUST-CAE
_c
M
_c
16491
999
_c
238277
_d
238277